000 00298 a2200121 4500
001 90783
082 _a646.2042 REA
090 _c42956
_d42956
100 _aReader's Digest
245 _aComplete Guide To Needlework
_cReader's Digest
260 _aU.K
_bReaders Digest
_c1991
300 _a504p
942 _aNUST-CAE
_k646.2042 REA
999 _c325856
_d325856